Vinyl : how to get the best from your vinyl records and kit

Bibliographic Details
Main Author: Anniss, Matt
Other Authors: Fuller, Patrick
Format: Book
Published: UK : Haynes Publishing , 2017
Subjects:

MARC

LEADER 00000cam a2200000 7i4500
001 0000224708
005 20180809.0
020 |a 9781785211652 
090 0 0 |a 621.38933   |b ANN 
100 1 |a Anniss, Matt 
245 1 0 |a Vinyl :   |b how to get the best from your vinyl records and kit   |c Matt Anniss & Patrick Fuller 
260 |a UK :   |b Haynes Publishing ,   |c 2017 
300 |a 188p. :   |b col.,ill. ;   |c 28cm. 
650 0 |a Phonograph   |v Handbooks, manuals, etc. 
650 0 |a Sound recordings 
700 1 |a Fuller, Patrick 
999 |a 00350203   |b BUKU   |c PINJAMAN   |e PERPUSTAKAAN KOMUNITI PETALING JAYA